Statistics for Movies By Picture (Extreme)

Click here to take the quiz!

General Stats

  • This quiz has been taken 6 times
  • The average score is 1 of 12

Answer Stats

Answer% Correct
Eyes Without A Face
33%
Saint Maud
33%
The Skin I Live In
33%
Brawl In Cell Block 99
17%
Dogtooth
17%
Begotten
0%
Enter The Void
0%
Lebanon
0%
Pontypool
0%
Predestination
0%
The Snowtown Murders
0%
Transsiberian
0%

Score Distribution

Percentile by Number Answered

Percent of People with Each Score

Your Score History

You have not taken this quiz